Plazas de Catalunya #1 - Estadísticas

Estadísticas generales
  • Esta prueba ha sido intentada 94 veces
  • La puntuación promedio es 6 de 16
Estadísticas de respuestas
Imagen Hint Respuesta % Correcto
La Mercè i Santa Eulàlia Plaça Sant Jaume
67%
La Patum Plaça de Sant Pere
64%
Mercat del Ram i MMVV Mercadal
43%
Sant Joan i Santa Úrsula Plaça del Blat
43%
Sant Fèlix Plaça de la Vila
40%
Festes del Tura Plaça Major d'Olot
39%
Blancs i Blaus Plaça de la Porxada
38%
Santa Tecla i Sant Magí Plaça de les Cols
38%
Festa Major de les Neus Plaça de la vila
35%
Festa Major de la Vila Plaça de la vila de Gràcia
33%
Sant Pere Plaça del Mercadal
32%
Dansa de la mort Plaça Major de Verges
32%
La Mata-degolla Plaça de l'esglèsia
26%
Les Santes Plaça de Santa Anna
26%
Carnaval Plaça del Ruc
24%
Santa Anna Plaça Vella
24%
No se encontraron pruebas coincidentes
Distribución de puntuación
Porcentaje de gente con cada puntuación
Porcentaje por número respondido
Historial de tus puntuaciones
No has intentado esta prueba.